00249nam a2200073Ia 4500008004100000082001500041100002600056245009300082240331s9999 xx 000 0 und d a303.6bGUN aGunawardana, R.A.L.H. 0aHistoriography in a time of conflict :bconstruction of thepast incontemporary Sri Lanka